Disability and historic buildings (Record no. 70150)

MARC details
000 -LEADER
fixed length control field 01053cam a2200193 4500
001 - CONTROL NUMBER
control field ABS65330
008 - FIXED-LENGTH DATA ELEMENTS--GENERAL INFORMATION
fixed length control field 020501n2002 000 0 eng u
035 ## - SYSTEM CONTROL NUMBER
System control number (Sirsi) u117805
110 ## - MAIN ENTRY--CORPORATE NAME
Corporate name or jurisdiction name as entry element Society for the Protection of Ancient Buildings
9 (RLIN) 2085
245 ## - TITLE STATEMENT
Title Disability and historic buildings
260 ## - PUBLICATION, DISTRIBUTION, ETC.
Date of publication, distribution, etc. 2002
490 ## - SERIES STATEMENT
Series statement Building Control
Volume/sequential designation April 2002, 13(1)
520 ## - SUMMARY, ETC.
Summary, etc. Explains that ancient buildings should be sympathetically altered to accommodate access by disabled. Emphasises that Building Regulations only ask that requirements are met, without obligation to adopt them in a particular way. When requirement cannot be met by any means, perhaps architectural character would be too seriously damaged, then applicant should apply for relaxation or dispensation of requirement.
590 ## - LOCAL NOTE (RLIN)
Local note ABS
650 ## - SUBJECT ADDED ENTRY--TOPICAL TERM
Topical term or geographic name entry element MANAGEMENT-BUSINESS MANAGEMENT-DISCRIMINATION-DISABILITY DISCRIMINATION-ACCESSIBILITY
650 ## - SUBJECT ADDED ENTRY--TOPICAL TERM
Topical term or geographic name entry element ANCIENT STRUCTURES
690 ## - LOCAL SUBJECT ADDED ENTRY--TOPICAL TERM (OCLC, RLIN)
Topical term or geographic name as entry element BUILT ENVIRONMENT-BUILDING MAINTENANCE AND REFURBISHMENT-BUILDING CONSERVATION
942 ## - ADDED ENTRY ELEMENTS (KOHA)
Suppress in OPAC 0
Holdings
Withdrawn status Lost status Source of classification or shelving scheme Damaged status Not for loan Home library Current library Shelving location Date acquired Total Checkouts Full call number Barcode Date last seen Copy number Price effective from Koha item type
    Dewey Decimal Classification     London London Journal article 01/05/2002   ABS65330 117805-1001 06/08/2019 1 06/08/2019 Journal article